Safety and health in shipbreaking Guidelines for Asian countries and Turkey

Detalles Bibliográficos
Formato: eBook
Lenguaje:inglés
Publicado: Geneva : International Labour Organization, represented by the International Labour Office (ILO), 2004
Materias:
Acceso en línea:http://www.vlex.com/source/11316

MARC

LEADER 00000nam a22000007a 4500
005 20130613164344.0
007 cr|||| ||||
008 130613e2004 sz |||||s|||| 00||0 eng d
020 |a 92-2-115289-8 
035 |a 11316 
040 |a vLex 
090 |c 4344  |d 4344 
245 0 0 |a Safety and health in shipbreaking Guidelines for Asian countries and Turkey  |h [Recurso electrn̤ico]  
256 |a Servicio en ln̕ea 
260 |a Geneva :  |b International Labour Organization, represented by the International Labour Office (ILO),   |c 2004 
300 |a 1 Recurso electrn̤ico 
506 |a Contenido solo disponible en los productos indicados  |d vLex Global   |d vLex Global (Academic Edition, excluding Law Schools)  |d vLex Global (U.S. Academic Edition, Law Schools)  |d vLex Global (U.S. Academic Edition, excluding Law Schools)  |d vLex Global (Academic Edition, Law Schools) 
650 4 |a Derecho laboral y Seguridad Social  |z Turqua̕ 
650 4 |a Derecho laboral y Seguridad Social  |z Asia 
650 4 |a Seguridad y salud laboral  |z Turqua̕ 
650 4 |a Seguridad y salud laboral  |z Asia 
740 |a vLex Libros (Servicio en ln̕ea) 
856 |a Acceso restringido  |u http://www.vlex.com/source/11316 
942 |c BOOK 
999 0 |a Labor laws and legislation